<?xml version="1.0" encoding="UTF-8"?>
<collection xmlns="http://www.loc.gov/MARC21/slim">
 <record>
  <leader>00886nam a2200217 a 4500</leader>
  <controlfield tag="001">1/42031</controlfield>
  <controlfield tag="008">120109s1986    enk           000 0 eng  </controlfield>
  <datafield tag="035" ind1=" " ind2=" ">
   <subfield code="l">44830</subfield>
  </datafield>
  <datafield tag="040" ind1=" " ind2=" ">
   <subfield code="a">DLC</subfield>
   <subfield code="b">GR-PeUP</subfield>
  </datafield>
  <datafield tag="082" ind1="0" ind2="0">
   <subfield code="a">361.6'13 PLA</subfield>
  </datafield>
  <datafield tag="100" ind1="1" ind2=" ">
   <subfield code="a">Πλατιάς, Αθανάσιος Γ.,</subfield>
   <subfield code="d">1956-</subfield>
  </datafield>
  <datafield tag="245" ind1="1" ind2="0">
   <subfield code="a">High politics in small countries /</subfield>
   <subfield code="c">by Athanassios G. Platias.</subfield>
  </datafield>
  <datafield tag="260" ind1=" " ind2=" ">
   <subfield code="a">[s.l.] :</subfield>
   <subfield code="b">[s.n.],</subfield>
   <subfield code="c">1986.</subfield>
  </datafield>
  <datafield tag="300" ind1=" " ind2=" ">
   <subfield code="a">492 σ. ;</subfield>
   <subfield code="c">22 εκ.</subfield>
  </datafield>
  <datafield tag="500" ind1=" " ind2=" ">
   <subfield code="a">A thesis presented to the Graduate School of Cornell University in partial fulfillment of the requirements for the degree of doctor of philosophy by Athanassios G. Platias, August 1986.</subfield>
  </datafield>
  <datafield tag="650" ind1=" " ind2="4">
   <subfield code="a">Politics.</subfield>
  </datafield>
  <datafield tag="650" ind1=" " ind2="4">
   <subfield code="a">Securities.</subfield>
  </datafield>
  <datafield tag="650" ind1=" " ind2="4">
   <subfield code="a">Politics</subfield>
   <subfield code="z">Sweeden.</subfield>
  </datafield>
  <datafield tag="651" ind1=" " ind2="0">
   <subfield code="a">Israel</subfield>
   <subfield code="x">Politics and government.</subfield>
  </datafield>
  <datafield tag="651" ind1=" " ind2="0">
   <subfield code="a">Greece</subfield>
   <subfield code="x">Politics and government.</subfield>
  </datafield>
  <datafield tag="852" ind1=" " ind2=" ">
   <subfield code="a">INST</subfield>
   <subfield code="b">UNIPILB</subfield>
   <subfield code="c">MAIN</subfield>
   <subfield code="e">20120109</subfield>
   <subfield code="h">361.6'13 PLA</subfield>
   <subfield code="p">00164417</subfield>
   <subfield code="q">00164417</subfield>
   <subfield code="t">CLOCOL</subfield>
   <subfield code="y">23</subfield>
   <subfield code="4">1</subfield>
  </datafield>
 </record>
</collection>
